| 000 | 00634cam a22002293a 4500 | ||
|---|---|---|---|
| 001 | 703 | ||
| 003 | PGUSA | ||
| 005 | 20140828082951.0 | ||
| 008 | 961001s1996||||xxu|||||s|||||000 p eng d | ||
| 040 |
_aPGUSA _beng |
||
| 042 | _adc | ||
| 050 | 4 | _aPR | |
| 100 | 1 |
_aLovelace, Richard, _d1618-1658 |
|
| 245 | 1 | 0 |
_aLucasta _h[electronic resource] / _cRichard Lovelace |
| 260 |
_bProject Gutenberg, _c1996 |
||
| 506 | _aPublic domain in the USA. | ||
| 516 | _aElectronic text | ||
| 653 | _aEnglish poetry -- Early modern, 1500-1700 | ||
| 830 | 0 |
_aProject Gutenberg _v703 |
|
| 856 | 4 | 0 | _uhttp://www.gutenberg.org/ebooks/703 |
| 942 | _cEB | ||
| 999 |
_c230054 _d230054 |
||